| 000 | 00688nam a2200229 a 4500 | ||
|---|---|---|---|
| 999 |
_c10851 _d10851 |
||
| 001 | 10851 | ||
| 003 | BD-JhCC | ||
| 005 | 20210923134021.0 | ||
| 008 | 190522b20132015bg |||| ||a| 000 0 ben d | ||
| 020 | _a9847008400064 | ||
| 035 | _a(BD-JhCC)10851 | ||
| 040 |
_aBD-JhCC _dBD-JhCC |
||
| 041 | _aben | ||
| 082 |
_a891.4435 _bTAG 2015 |
||
| 100 | _aঠাকুর, রবীন্দ্রনাথ | ||
| 245 |
_aকিশোর সমগ্র / _cরবীন্দ্রনাথ ঠাকুর । |
||
| 260 |
_aঢাকা, _bশোভা প্রকাশ; _c2015. |
||
| 300 |
_a220 p. : _c22 cm. |
||
| 650 | _aShort Stories Bengali | ||
| 942 |
_2ddc _cBK _01 |
||